[Event "Rhein Main op-B 16th"]
[Site "Bad Homburg"]
[Date "2013.05.29"]
[Round "1"]
[White "Schmitz, Tim"]
[Black "Hardwick, Alexander M"]
[Result "1/2-1/2"]
[WhiteElo "1927"]
[BlackElo "1581"]
[PlyCount "83"]
[EventDate "2013.05.29"]
[EventType "swiss"]
[EventRounds "7"]
[EventCountry "GER"]
[SourceTitle "EXT 2014"]
[Source "ChessBase"]
[SourceDate "2013.11.20"]
[SourceVersion "1"]
[SourceVersionDate "2013.11.20"]
[SourceQuality "1"]

1. e4 e6 2. d4 d5 3. Nc3 Nf6 4. e5 Nfd7 5. f4 c5 6. Nf3 Nc6 7. Be3 Qb6 8. Qd2 cxd4 9. Nxd4 Nxd4 10. Bxd4 Qd8 11. Be2 Be7 12. 0-0 f6 13. exf6 Nxf6 14. Bb5+ Bd7 15. Rae1 0-0 16. Bd3 Rc8 17. Kh1 Bc5 18. Bxc5 Rxc5 19. Qe3 b6 20. Qd4 Re8 21. h3 Nh5 22. Kh2 Qf6 23. Qxf6 Nxf6 24. Re5 Bc6 25. Ne2 Bb5 26. b4 Bxd3 27. bxc5 Bxe2 28. Rxe2 bxc5 29. Rb1 Re7 30. Rb5 Ne4 31. Ra5 Kf7 32. g4 Rd7 33. Kg2 c4 34. Kf3 Nc3 35. Rd2 Ne4 36. Rd4 g6 37. f5 Nf6 38. fxe6+ Kxe6 39. Kf4 Ne8 40. Ra6+ Nd6 41. Ra5 Ne4 42. Ra6+ 1/2-1/2